Consumer behaviour (Record no. 4613)

MARC details
000 -CABECERA
campo de control de longitud fija 02441nam a22002535i 4500
001 - NÚMERO DE CONTROL
campo de control 24010696
005 - FECHA Y HORA DE LA ÚLTIMA TRANSACCIÓN
campo de control 20250331130807.0
008 - DATOS DE LONGITUD FIJA--INFORMACIÓN GENERAL
campo de control de longitud fija 250129s2025 nyu 000 0 eng
010 ## - NÚMERO DE CONTROL DE LA BIBLIOTECA DEL CONGRESO
Número de control de LC 2025931359
020 ## - NÚMERO INTERNACIONAL ESTÁNDAR DEL LIBRO
Número Internacional Estándar del Libro 9781398618619
Información calificativa (paperback)
040 ## - FUENTE DE LA CATALOGACIÓN
Centro catalogador/agencia de origen DLC
Lengua de catalogación eng
Normas de descripción rda
Centro/agencia transcriptor DLC
042 ## - CÓDIGO DE AUTENTICACIÓN
Código de autenticación pcc
100 ## - ENTRADA PRINCIPAL--NOMBRE DE PERSONA
Nombre de persona Pelet, Jean-Eric,
Término indicativo de función/relación author.
9 (RLIN) 25090
245 10 - MENCIÓN DE TÍTULO
Título Consumer behaviour
Resto del título : understanding consumers in a digital landscape
Mención de responsabilidad, etc. / Jean-Eric Pelet.
250 ## - MENCIÓN DE EDICIÓN
Mención de edición First editon
264 #1 - PRODUCCIÓN, PUBLICACIÓN, DISTRIBUCIÓN, FABRICACIÓN Y COPYRIGHT
Producción, publicación, distribución, fabricación y copyright New York :
Nombre del de productor, editor, distribuidor, fabricante Kogan Page,
Fecha de producción, publicación, distribución, fabricación o copyright 2025.
300 ## - DESCRIPCIÓN FÍSICA
Extensión xv, 325 pages, illustrations
504 ## - NOTA DE BIBLIOGRAFÍA, ETC.
Nota de bibliografía, etc. Understanding consumer behaviour in the digital age —<br/>The new era of consumer needs and motivations —<br/>Psychological and social dynamics in consumer behaviour —<br/>The science of digital learning and memory —<br/>Building brand loyalty in the digital age —<br/>The consumer decision making process —<br/>Advancing consumer experiences in the digital world —<br/>The power of online communities and social influence —<br/>Ethical considerations in the consumer landscape —<br/>The future of consumer behaviour in the digital era.
520 ## - SUMARIO, ETC.
Sumario, etc. With this textbook, students will learn the concepts, theories and processes of consumer behaviour and how to apply them in a digitalized and competitive business landscape. Consumer Behaviour combines theoretical underpinnings with real-world practice to provide comprehensive, up-to-date coverage of the subject. It explores how consumer behaviour has evolved with the impact of technology, personalization and sustainability on perception and decision-making. This textbook is ideal for postgraduate students taking modules on Consumer Behaviour as part of their Marketing degrees. Features include:- Chapters on the psychological and social dynamics of consumer behaviour and the scientific foundations of learning and memory in brand engagement.- Examination of the role of AR/VR and the metaverse in retail experiences, live streaming and voice commerce as well as quantum computing and the importance of good UX design.- Ethical considerations of the digital consumer landscape, including privacy and data concerns. - Learning outcomes, key terms, a glossary and exercise questions international examples throughout, to help develop critical thinking.
650 #0 - PUNTO DE ACCESO ADICIONAL DE MATERIA--TÉRMINO DE MATERIA
Término de materia o nombre geográfico como elemento de entrada Consumer behavior
9 (RLIN) 997
650 #0 - PUNTO DE ACCESO ADICIONAL DE MATERIA--TÉRMINO DE MATERIA
Término de materia o nombre geográfico como elemento de entrada Digital environment
9 (RLIN) 13028
650 #0 - PUNTO DE ACCESO ADICIONAL DE MATERIA--TÉRMINO DE MATERIA
Término de materia o nombre geográfico como elemento de entrada Branding (Marketing)
Subdivisión general Social aspects
9 (RLIN) 8758
942 ## - ELEMENTOS DE ENTRADA AGREGADA (KOHA)
Fuente del sistema de clasificación o colocación Clasificación de Library of Congress
Holdings
Estado de retiro Estado de pérdida Fuente del sistema de clasificación o colocación Estado dañado No para préstamo Biblioteca de origen Biblioteca actual Fecha de adquisición Total de préstamos Renovaciones totales Signatura topográfica completa Código de barras Fecha de vencimiento Fecha visto por última vez Fecha del último préstamo Número de copia Precio válido a partir de Tipo de ítem Koha
    Clasificación de Library of Congress     TBS Barcelona TBS Barcelona 31/03/2025 2 2 HF5415.33 PEL B07514 21/12/2025 22/09/2025 22/09/2025 1 31/03/2025 Book

Powered by Koha